Countries Starting with C and their Capitals - Statistics

General Stats
  • This quiz has been taken 69 times
    49 since last reset
  • The average score is 26 of 32
Answer Stats
Country % Correct
China
100%
Beijing
97%
Cameroon
95%
Canada
95%
Chile
95%
Ottawa
95%
Croatia
92%
Czech Republic
92%
Santiago
92%
Comoros
89%
Prague
89%
Cambodia
87%
Colombia
87%
Cuba
87%
Cyprus
84%
Havana
84%
Central African Republic
82%
Costa Rica
82%
Nicosia
82%
Phnom Penh
82%
Cape Verde
79%
Zagreb
79%
Bogotá
76%
Chad
76%
San José
74%
Yaoundé
68%
Moroni
58%
Kinshasa
55%
N'Djamena
55%
Praia
55%
Yamoussoukro
53%
Bangui
47%
No matching quizzes found
Score Distribution
Percent of People with Each Score
Percentile by Number Answered
Your Score History
You have not taken this quiz since the last reset